Exercise daily for good health

Bibliographic Details
Main Author: Baker, Rann
Format: Book
Published: Petaling Jaya : Pustaka Tintamas , 2004
Series:Tell me about science vol.2
Subjects:

MARC

LEADER 00000cam a2200000 7i4500
001 0000002097
005 20220105103933.0
020 |a 9831351231 
090 0 0 |a JP   |b SC ENG (2337) 
100 1 |a Baker, Rann 
245 1 0 |a Exercise daily for good health   |c Rann Baker 
260 |a Petaling Jaya :   |b Pustaka Tintamas ,   |c 2004 
440 |a Tell me about science vol.2 
500 |a Children age 4-6 years old (yellow) 
650 0 |a Science fiction 
999 |a 0000013473   |b Book   |c Children Collection   |e Cawangan Taman Universiti 
999 |a 0000013474   |b Book   |c Children Collection   |e Cawangan Taman Universiti 
999 |a 0000013475   |b Book   |c Children Collection   |e Cawangan Taman Universiti 
999 |a 0000928080   |b Book   |c Children Collection   |e Cawangan Tangkak 
999 |a 0000928082   |b Book   |c Children Collection   |e Cawangan Tangkak 
999 |a 0000965425   |b Book   |c Children Collection   |e Perbadanan Perpustakaan Awam Johor 
999 |a 0000965427   |b Book   |c Children Collection   |e Perbadanan Perpustakaan Awam Johor 
999 |a 0000965428   |b Book   |c Children Collection   |e Cawangan Sri Merlong 
999 |a 0000965429   |b Book   |c Children Collection   |e Cawangan Batu Pahat